地理の統計TOP2〜5 漁業編 - Statistics

General Stats
  • This quiz has been taken 9 times
  • The average score is 15 of 39
Answer Stats
統計 世界計 順位 Answer % Correct
漁獲量と養殖の計 2.2億t 1 中国
100%
2 インドネシア
89%
3 インド
78%
水産物輸出額 1775億ドル 1 中国
78%
3 日本
67%
2 ノルウェー
67%
日本のウナギ輸入先 151億円 1 中国
67%
2 ノルウェー
56%
4 インド
56%
水産物輸入額 1750億ドル 1 アメリカ
56%
日本のエビ輸入先 2213億円 1 ベトナム
56%
2 インド
56%
3 インドネシア
56%
3 ロシア
56%
日本のタコ輸入先 318億円 1 モーリタニア
56%
4 ベトナム
44%
5 ペルー
44%
3 ベトナム
44%
2 中国
44%
日本のイカ輸入先 570億円 1 中国
44%
日本のマグロ輸入先 1824億円 1 台湾
33%
2 中国
33%
日本のサケ・マス輸入先 2200億円 1 チリ
33%
2 モロッコ
33%
3 中国
33%
2 台湾
33%
4 スペイン
22%
3 韓国
22%
5 タイ
22%
2 ベトナム
22%
5 ロシア
22%
5 フランス
11%
4 マルタ
11%
5 エクアドル
0%
5 モロッコ
0%
4 アルゼンチン
0%
4 ベトナム
0%
3 タイ
0%
4 ペルー
0%
No matching quizzes found
Score Distribution
Percent of People with Each Score
Percentile by Number Answered
Your Score History
You have not taken this quiz